<The> Development of Consolidated Financial Statements within the Condition of the Slovak Republic
Pohľad na vývoj konsolidovanej účtovej závierky v podmienkach Slovenskej republiky od roku 2005.
Na minha lista:
| Autor principal: | |
|---|---|
| Formato: | Capítulo de Livro |
| Idioma: | inglês |
| Assuntos: | |
| Tags: |
Sem tags, seja o primeiro a adicionar uma tag!
|
MARC
| LEADER | 00000naa a2200000 4500 | ||
|---|---|---|---|
| 001 | 0240125 | ||
| 005 | 20240502073909.4 | ||
| 041 | 0 | |a eng | |
| 044 | |a SK | ||
| 245 | 1 | 0 | |a <The> Development of Consolidated Financial Statements within the Condition of the Slovak Republic |c Renáta Hornická |
| 520 | |a Pohľad na vývoj konsolidovanej účtovej závierky v podmienkach Slovenskej republiky od roku 2005. | ||
| 610 | 2 | 0 | |a Slovensko |
| 610 | 2 | 0 | |a závierka účtovná konsolidovaná |
| 610 | 2 | 0 | |a legislatíva |
| 610 | 2 | 0 | |a harmonizácia |
| 610 | 2 | 0 | |a výkazy finančné |
| 610 | 2 | 0 | |a výkazy účtovné konsolidované |
| 100 | 1 | |a Hornická, Renáta, 1977- | |